Largest Cities in the World Beginning With 'Va' - Statistics

General Stats
  • This quiz has been taken 22 times
  • The average score is 6 of 19
Answer Stats
# Population Nat. Answer % Correct
4 2,125,000 ๐Ÿ‡ป๐Ÿ‡ช Valencia
95%
5 1,990,000 ๐Ÿ‡ช๐Ÿ‡ธ Valencia
95%
8 525,016 ๐Ÿ‡น๐Ÿ‡ท Van
95%
1 3,325,000 ๐Ÿ‡จ๐Ÿ‡ฆ Vancouver
95%
3 2,175,000 ๐Ÿ‡ฎ๐Ÿ‡ณ Varanasi
45%
12 318,737 ๐Ÿ‡ง๐Ÿ‡ฌ Varna
35%
10 375,197 ๐Ÿ‡ช๐Ÿ‡ธ Valladolid
30%
7 1,070,000 ๐Ÿ‡จ๐Ÿ‡ฑ Valparaiso
30%
15 175,132 ๐Ÿ‡บ๐Ÿ‡ธ Vallejo
25%
2 2,500,000 ๐Ÿ‡ฎ๐Ÿ‡ณ Vadodara
15%
11 332,401 ๐Ÿ‡ซ๐Ÿ‡ท Valenciennes
15%
13 239,400 ๐Ÿ‡ฎ๐Ÿ‡น Varese
15%
9 490,300 ๐Ÿ‡จ๐Ÿ‡ด Valledupar
10%
19 150,727 ๐Ÿ‡จ๐Ÿ‡ฑ Valdivia
5%
6 1,222,390 ๐Ÿ‡ฎ๐Ÿ‡ณ Vasai-Virar
5%
17 165,500 ๐Ÿ‡ป๐Ÿ‡ช Valera
0%
16 170,060 ๐Ÿ‡ฎ๐Ÿ‡ณ Valsad
0%
18 163,630 ๐Ÿ‡ฎ๐Ÿ‡ณ Vapi
0%
14 225,628 ๐Ÿ‡ฎ๐Ÿ‡ท Varฤmฤซn
0%
No matching quizzes found
Score Distribution
Percent of People with Each Score
Percentile by Number Answered
Your Score History
You have not taken this quiz